Facets of Shri Chandi-Nava Durga: (Record no. 22521)
[ view plain ]
| 000 -LEADER | |
|---|---|
| fixed length control field | 00922nam a22002177a 4500 |
| 008 - FIXED-LENGTH DATA ELEMENTS--GENERAL INFORMATION | |
| fixed length control field | 090128t xxu||||| |||| 00| 0 eng d |
| 010 ## - LCCN (DPL NO) | |
| LC control number | ENG-92643 |
| 020 ## - INTERNATIONAL STANDARD BOOK NUMBER | |
| International Standard Book Number | 8188934003 |
| Terms of availability | 500.00 |
| 035 ## - SYSTEM CONTROL NUMBER | |
| System control number | EN-76176 |
| 037 ## - SOURCE OF ACQUISITION | |
| Source of stock number/acquisition | DBAD / PUB |
| 040 ## - CATALOGING SOURCE | |
| Original cataloging agency | dpl |
| Language of cataloging | English |
| 082 ## - DEWEY DECIMAL CLASSIFICATION NUMBER | |
| Classification number | 230.2 |
| 245 ## - TITLE STATEMENT | |
| Title | Facets of Shri Chandi-Nava Durga: |
| Statement of responsibility, etc | introduction, commentary and English, translation by Chaman Lal Raina; foreword by Nathan Katz |
| Remainder of title | (mystic glory of Devi Mahatmya) / |
| 260 ## - PUBLICATION, DISTRIBUTION, ETC. (IMPRINT) | |
| Place of publication, distribution, etc | Delhi |
| Name of publisher, distributor, etc | Sharada Publishing House |
| Date of publication, distribution, etc | 2004 |
| 270 ## - ADDRESS | |
| Address | 40, Anand Nagar, Inder Lok, |
| City | Delhi |
| Postal code | 110035 |
| 300 ## - PHYSICAL DESCRIPTION | |
| Extent | xx, 317p.: |
| Dimensions | 22cm (Hb) |
| Other physical details | col. ill. |
| 500 ## - GENERAL NOTE | |
| General note | Includes glossary |
| 700 ## - ADDED ENTRY--PERSONAL NAME | |
| Personal name | Raina, Chaman Lal |
| 942 ## - ADDED ENTRY ELEMENTS (KOHA) | |
| Source of classification or shelving scheme | Dewey Decimal Classification |
| Item type | English Books |
| Call number suffix | FAC |
| Classification part | 230.2 |
| Withdrawn status | Lost status | Source of classification or shelving scheme | Damaged status | Not for loan | Collection code | Home library | Current library | Date acquired | Source of acquisition | Cost, normal purchase price | Total Checkouts | Full call number | Barcode | Date last seen | Copy number | Cost, replacement price | Koha item type |
|---|---|---|---|---|---|---|---|---|---|---|---|---|---|---|---|---|---|
| Dewey Decimal Classification | Not For Loan | Non-fiction | D.B.Act.Division | D.B.Act.Division | 28/01/2009 | DBAD / PUB | 500.00 | 230.2 FAC | EN-76176 | 28/01/2009 | 1 | 500.00 | English Books |
